[Event "La Pampa Pico Cup"]
[Site "La Pampa"]
[Date "2021.12.03"]
[Round "1"]
[White "Falcinelli, Oscar"]
[Black "Conti, Claudio"]
[Result "1-0"]
[WhiteElo "1907"]
[BlackElo "1544"]
[PlyCount "97"]
[EventDate "2021.12.03"]
[EventType "swiss"]
[EventRounds "6"]
[EventCountry "ARG"]
[SourceTitle "CBM 205 Extra"]
[Source "ChessBase"]
[SourceDate "2022.01.31"]
[SourceVersion "1"]
[SourceVersionDate "2022.01.31"]
[SourceQuality "1"]

1. d4 d5 2. Nf3 Nf6 3. g3 Bf5 4. Bg2 e6 5. 0-0 Be7 6. c4 c6 7. Nc3 0-0 8. Qb3 Qc8 9. Bf4 Nbd7 10. Nh4 dxc4 11. Nxf5 exf5 12. Qxc4 Nb6 13. Qd3 Re8 14. Rac1 Qd7 15. a4 a5 16. Bh3 Rad8 17. Bxf5 Qxd4 18. Bc7 Bc5 19. Bxd8 Rxd8 20. Rcd1 Qxd3 21. Rxd3 Rxd3 22. Bxd3 Nc8 23. Ne4 Nxe4 24. Bxe4 g6 25. Rd1 Nd6 26. Bf3 f5 27. e3 Kf7 28. g4 Ke7 29. gxf5 gxf5 30. Kg2 Bb4 31. Rd4 Kf6 32. Rh4 Kg6 33. Be2 h6 34. f3 Bd2 35. Rd4 Bb4 36. e4 Kf6 37. exf5 Kxf5 38. Bd3+ Ke5 39. Rh4 Bd2 40. Rg4 b5 41. b3 Bf4 42. Rg7 Kd4 43. Bh7 bxa4 44. bxa4 c5 45. Ra7 Bd2 46. Kg3 Nc4 47. f4 Kd5 48. Bg8+ Kd4 49. Rd7+ 1-0

[Event "Buenos Aires Philidor CC Christmas"]
[Site "Buenos Aires"]
[Date "2019.12.17"]
[Round "5.10"]
[White "Conti, Claudio"]
[Black "Roguin, Nestor H"]
[Result "0-1"]
[WhiteElo "1755"]
[BlackElo "2043"]
[PlyCount "52"]
[EventDate "2019.12.03"]
[EventType "swiss"]
[EventRounds "6"]
[EventCountry "ARG"]
[SourceTitle "EXT 2024"]
[Source "ChessBase"]
[SourceDate "2023.10.10"]
[SourceVersion "1"]
[SourceVersionDate "2023.10.10"]
[SourceQuality "1"]

1. e4 c5 2. Nf3 Nc6 3. c3 e6 4. d4 cxd4 5. cxd4 Bb4+ 6. Bd2 Nf6 7. Bxb4 Nxb4 8. Nc3 0-0 9. Be2 b6 10. 0-0 Bb7 11. a3 Na6 12. d5 d6 13. Nd4 Nc5 14. b4 Ncxe4 15. Nxe4 Nxe4 16. dxe6 Nc3 17. exf7+ Kh8 18. Qd3 Nxe2+ 19. Qxe2 Rxf7 20. Rfe1 Qg5 21. Qe8+ Rf8 22. Qxf8+ Rxf8 23. f3 Rc8 24. Rad1 h5 25. Ne6 Qh4 26. Re2 Rc3 0-1

[Event "Moron Mayor Cup Challengers 1819"]
[Site "Moron"]
[Date "2019.??.??"]
[Round "3.14"]
[White "Conti, Claudio"]
[Black "Spagnoli, Eugenio"]
[Result "0-1"]
[WhiteElo "1792"]
[BlackElo "1744"]
[PlyCount "120"]
[EventDate "2019.04.01"]
[EventType "tourn"]
[EventRounds "7"]
[EventCountry "ARG"]
[SourceTitle "EXT 2024"]
[Source "ChessBase"]
[SourceDate "2023.10.10"]
[SourceVersion "1"]
[SourceVersionDate "2023.10.10"]
[SourceQuality "1"]

1. e4 d6 2. d4 Nf6 3. f4 g6 4. Nc3 Bg7 5. Bd3 c5 6. e5 dxe5 7. dxe5 Nfd7 8. Nf3 e6 9. 0-0 a6 10. Ne4 Bf8 11. c4 Qc7 12. Be3 b6 13. Qe2 Bb7 14. Rad1 Bxe4 15. Bxe4 Nc6 16. Bf2 Be7 17. Bh4 Bxh4 18. Nxh4 0-0-0 19. Nf3 Ndb8 20. Rxd8+ Rxd8 21. Rd1 h6 22. Rd2 Rd7 23. Qd1 Qd8 24. Rxd7 Qxd7 25. Qxd7+ Kxd7 26. Kf2 Ne7 27. g4 Nbc6 28. Ke3 b5 29. cxb5 axb5 30. Nd2 Nb4 31. a3 Nbd5+ 32. Kf3 c4 33. Bc2 Kc6 34. Ne4 Nc8 35. Ng3 Nce7 36. f5 g5 37. fxe6 fxe6 38. Ne2 Kc5 39. Bh7 Nc6 40. Bg8 Nxe5+ 41. Kg3 Nd3 42. Bxe6 Nxb2 43. h4 c3 44. Bf5 Nc4 45. hxg5 hxg5 46. Nc1 Nxa3 47. Kf3 Kd4 48. Be6 Nf4 49. Bf5 b4 50. Nb3+ Kc4 51. Na5+ Kb5 52. Nb3 c2 53. Ke3 Nc4+ 54. Kf2 Nd2 55. Nd4+ Kc4 56. Nxc2 Kc3 57. Ne1 b3 58. Nf3 b2 59. Nxd2 Kxd2 60. Kf3 Nd3 0-1

[Event "Moron Amateur-ch"]
[Site "Moron"]
[Date "2018.07.28"]
[Round "7"]
[White "Chiguay, Tomas Agustin"]
[Black "Conti, Claudio"]
[Result "1-0"]
[WhiteElo "1810"]
[BlackElo "1572"]
[PlyCount "97"]
[EventDate "2018.07.17"]
[EventType "swiss"]
[EventRounds "7"]
[EventCountry "ARG"]
[SourceTitle "EXT 2019"]
[Source "ChessBase"]
[SourceDate "2018.10.10"]
[SourceVersion "1"]
[SourceVersionDate "2018.10.10"]
[SourceQuality "1"]

1. d4 d5 2. Bf4 Nf6 3. e3 c5 4. c3 Nc6 5. Nd2 Bf5 6. Be2 e6 7. Ngf3 a6 8. a4 c4 9. h4 h6 10. Ne5 Ne4 11. Nxe4 Bxe4 12. f3 Bh7 13. b3 Nxe5 14. Bxe5 b5 15. axb5 axb5 16. b4 f6 17. Bg3 Be7 18. Kf2 0-0 19. Qd2 Bd6 20. Bxd6 Qxd6 21. Ra2 Qc6 22. Rha1 Rxa2 23. Qxa2 e5 24. Qa6 Qxa6 25. Rxa6 Rb8 26. dxe5 fxe5 27. Rd6 Ra8 28. Rxd5 Ra2 29. e4 Rc2 30. Rxb5 Rxc3 31. Rxe5 Kf7 32. Rc5 Ke7 33. Rxc4 Rb3 34. Rc7+ Kf6 35. Rf7+ Kg6 36. h5+ Kxf7 37. Bc4+ Ke7 38. Bxb3 g6 39. hxg6 Bxg6 40. Bd5 Be8 41. Ke3 Kf6 42. f4 h5 43. g3 Ke7 44. Kd4 Bd7 45. Kc5 Kd8 46. b5 Bg4 47. b6 Kc8 48. b7+ Kb8 49. Kd6 1-0

[Event "Buenos Aires Philidor CC Christmas"]
[Site "Buenos Aires"]
[Date "2017.12.04"]
[Round "1.7"]
[White "Conti, Claudio"]
[Black "Ruiz Diaz, Alfredo"]
[Result "0-1"]
[WhiteElo "1831"]
[BlackElo "1978"]
[PlyCount "64"]
[EventDate "2017.12.04"]
[EventType "swiss"]
[EventRounds "6"]
[EventCountry "ARG"]
[SourceTitle "EXT 2024"]
[Source "ChessBase"]
[SourceDate "2023.10.10"]
[SourceVersion "1"]
[SourceVersionDate "2023.10.10"]
[SourceQuality "1"]

1. e4 e5 2. Nf3 Nc6 3. Bb5 a6 4. Ba4 Nf6 5. 0-0 Be7 6. d3 b5 7. Bb3 d6 8. c3 Bg4 9. Nbd2 d5 10. Re1 dxe4 11. dxe4 0-0 12. Bc2 Qd7 13. Nf1 Rad8 14. Qe2 h6 15. Ne3 Be6 16. a4 Bd6 17. axb5 axb5 18. Qxb5 Rb8 19. Qd3 Ne7 20. b4 Rfd8 21. Nc4 Qc8 22. Qe2 Ng6 23. Na5 Ra8 24. Bd2 Bg4 25. Nc6 Rf8 26. c4 Bd7 27. Na5 Re8 28. c5 Bf8 29. Bc3 Bg4 30. Bb3 Nh4 31. Qe3 Bxf3 32. gxf3 Qh3 0-1

[Event "Moron Philidor CC U2200 15th"]
[Site "Buenos Aires"]
[Date "2017.09.19"]
[Round "5"]
[White "Conti, Claudio"]
[Black "Roguin, Nestor H"]
[Result "0-1"]
[WhiteElo "1588"]
[BlackElo "1850"]
[PlyCount "75"]
[EventDate "2017.09.12"]
[EventType "swiss"]
[EventRounds "7"]
[EventCountry "ARG"]
[SourceTitle "CBM 180 Extra"]
[Source "ChessBase"]
[SourceDate "2017.10.06"]
[SourceVersion "1"]
[SourceVersionDate "2017.10.06"]
[SourceQuality "1"]

1. e4 c5 2. Nf3 Nc6 3. d4 cxd4 4. Nxd4 Nf6 5. Nc3 e5 6. Ndb5 d6 7. Bg5 a6 8. Na3 b5 9. Nd5 Be7 10. Bxf6 Bxf6 11. c3 0-0 12. Nc2 Bg5 13. a4 bxa4 14. Rxa4 a5 15. h4 Bh6 16. Bd3 Be6 17. Bc4 Ne7 18. g3 Rb8 19. b4 axb4 20. cxb4 Bxd5 21. Bxd5 Kh8 22. g4 Bf4 23. Qe2 Qc7 24. Ne3 Qc1+ 25. Nd1 Nxd5 26. exd5 Qb1 27. 0-0 Rxb4 28. Nc3 Qb3 29. Rb1 Qxa4 30. Nxa4 Rxb1+ 31. Kg2 Rfb8 32. Qa6 e4 33. Qa7 R1b7 34. Qa6 g6 35. Qc6 Kg7 36. Qc3+ Be5 37. Qc2 Rb4 38. Qc6 0-1

[Event "Moron Philidor CC U2200 15th"]
[Site "Buenos Aires"]
[Date "2017.09.16"]
[Round "4"]
[White "Valduc, Octavio Federico"]
[Black "Conti, Claudio"]
[Result "1-0"]
[WhiteElo "1785"]
[BlackElo "1588"]
[PlyCount "47"]
[EventDate "2017.09.12"]
[EventType "swiss"]
[EventRounds "7"]
[EventCountry "ARG"]
[SourceTitle "CBM 180 Extra"]
[Source "ChessBase"]
[SourceDate "2017.10.06"]
[SourceVersion "1"]
[SourceVersionDate "2017.10.06"]
[SourceQuality "1"]

1. e4 e5 2. Nf3 Nc6 3. Bc4 Bc5 4. d3 a6 5. c3 d6 6. Bb3 h6 7. Nbd2 Nf6 8. Nf1 0-0 9. Qe2 d5 10. Bc2 Re8 11. Ng3 Bg4 12. h3 Be6 13. 0-0 b5 14. Rd1 Qc8 15. Kh2 dxe4 16. dxe4 Bc4 17. Bd3 Bxd3 18. Rxd3 Rd8 19. Nf5 Rxd3 20. Qxd3 Bxf2 21. Qe2 Bb6 22. Nxe5 Qe6 23. Nxc6 Qxc6 24. Ne7+ 1-0